Statystyki dla Państwa, które nie mają sąsiadów

Kliknij tutaj aby rozwiązać quiz!

Ogólne statystyki

  • Ten quiz został rozwiązany 541 razy
    (503 od ostatniego zresetowania)
  • Średni wynik to 26 z 39

Statystyki odpowiedzi

Kraj% Poprawnych
Islandia
91%
Australia
90%
Nowa Zelandia
89%
Japonia
82%
Malta
82%
Madagaskar
81%
Kuba
79%
Cypr
75%
Sri Lanka
71%
Seszele
70%
Wyspy Marshalla
70%
Dominika
68%
Malediwy
68%
Republika Zielonego Przylądka
68%
Fidżi
67%
Wyspy świętego Tomasza i Książęca
67%
Wyspy Salomona
66%
Filipiny
65%
Jamajka
65%
Mikronezja
62%
Vanuatu
62%
Bahamy
61%
Palau
61%
Tuvalu
61%
Trynidad i Tobago
60%
Antigua i Barbuda
59%
Komory
59%
Saint kitts i Nevis
59%
Saint Lucia
59%
Nauru
58%
Saint Vincent i grenadyny
58%
Tonga
58%
Barbados
57%
Mauritius
57%
Tajwan
57%
Kiribati
56%
Samoa
54%
Grenada
52%
Singapur
30%

Rozkład punktacji

Percentyl według liczby udzielonych odpowiedzi

Procent ludzi z każdym wynikiem

Twoja historia wyników

Nie rozwiązałeś tego quizu od ostatniego zresetowania